000 00801cam a22002651 4500
001 sa 64001914
003 DLC
005 20260227112006.0
008 931118s1961 ii ab s 000 0 mar
010 _asa 64001914
025 _aPL480: I-Mar-111
035 _a(OCoLC)29349114
040 _aDLC
_cWaU
_dDLC
042 _apremarc
043 _aa-ii---
050 0 0 _aHD2075.M24
_bG6
110 2 _aGokhale Institute of Politics and Economics.
245 1 0 _aMahārāshṭra kr̥shijīvana.
260 _c1961.
300 _a2, 212 p.
_bcol. maps (1 fold.), tables.
_c29 cm.
490 1 _aMarāṭhī prakāśana,
_v6
500 _aIn Marathi.
650 0 _aAgriculture
_zIndia
_zMaharashtra
_vStatistics.
810 2 _aGokhale Institute of Politics and Economics.
_tMarāṭhī prakāśana ;
_v6.
999 _c57025
_d57025